La discriminación laboral de los indígenas en los mercados urbanos de trabajo en México: revisión y balance de un fenómeno persistente /
Este artículo se centra en la discriminación de los indígenas en el mercado laboral de México. En este trabajo, el autor destaca las situaciones de pobreza y marginación que afectan a los indígenas en ese país, y las prácticas discriminatorias que limitan su acceso al empleo, a una remuneración adec...
Збережено в:
| Автор: | |
|---|---|
| Формат: | Текст |
| Предмети: | |
| Теги: |
Додати тег
Немає тегів, Будьте першим, хто поставить тег для цього запису!
|
MARC
| LEADER | 00000 a a2200000 04500 | ||
|---|---|---|---|
| 001 | 41854 | ||
| 003 | |||
| 040 | |||
| 100 | |a Horbath, Jorge Enrique | ||
| 245 | |a La discriminación laboral de los indígenas en los mercados urbanos de trabajo en México: |b revisión y balance de un fenómeno persistente / |c Jorge Enrique Horbath | ||
| 520 | |a Este artículo se centra en la discriminación de los indígenas en el mercado laboral de México. En este trabajo, el autor destaca las situaciones de pobreza y marginación que afectan a los indígenas en ese país, y las prácticas discriminatorias que limitan su acceso al empleo, a una remuneración adecuada y a la movilidad laboral. Los resultados de su estudio revelan cómo la combinación de ciertas características acentúa la discriminación: habla de lengua indígena, bajos niveles educativos, género, edad y religión; asimismo reafirman la consideración de la discriminación educativa y salarial como referente de la discriminación laboral. Los análisis presentados incorporan además otros elementos de interés como los temas urbanos las migraciones, revelando las dinámicas particulares. | ||
| 590 | |a RRA/MARZO2012 | ||
| 650 | |a 1.DISCRIMINACION RACIAL | ||
| 650 | |a 2.POBLACION INDIGENA | ||
| 650 | |a 3.RELACIONES RACIALES | ||
| 650 | |a 4.ASPECTOS SOCIALES | ||
| 650 | |a 5.ASPECTOS ECOMICOS | ||
| 650 | |a 6.MERCADO DE TRABAJO | ||
| 650 | |a 7.MEXICO | ||
| 773 | |g (2008), páginas 25-52 | ||
| 999 | |c 31744 |d 31744 | ||
